Trenerzy piłki nożnej na literę K - Statystyki

Ogólne statystyki
  • Ten quiz został rozwiązany 26 razy
  • Średni wynik to 5 z 9
Statystyki odpowiedzi
Prowadzone zespoły Odpowiedź % Poprawnych
Mainz 2001-2008 Borussia Dortmund 2008-2015 Liverpool 2015-2024 Jurgen Klopp
96%
Anderlecht 2020-2022 Burnley 2022-2024 Bayern Monachium 2024- Vincent Kompany
83%
Ajax Amsterdam 2001-2005 Feyenoord Rotterdam 2011-2014 Holandia 2018-2020 2023- FC Barcelona 2020-2021 Ronald Koeman
78%
Chorwacja 2013-2015 Eintracht Frankfurt 2016-2018 Bayern Monachium 2018-2019 Borussia Dortmund 2025- Niko Kovac
65%
FC Metz 1979-1984 Saint-Etienne 1984-1987 Tunezja 1994-1998 Wisła Kraków 2002-2004 Henryk Kasperczak
61%
Niemcy 2004-2006 Stany Zjednoczone 2011-2016 Jurgen Klinsmann
61%
Newcastle United 1992-1997 Anglia 1999-2000 Manchester City 2001-2005 Kevin Keegan
30%
Szombierki Bytom 1978-1983 Górnik Zabrze 1983-1986 Hubert Kostka
13%
Steaua Bukareszt 1967-1970 Ajax Amsterdam 1971-1973 Francja 1973-1975 Stefan Kovacs
9%
Nie znaleziono quizów pasujących do podanych kryteriów
Rozkład punktacji
Procent ludzi z każdym wynikiem
Percentyl według liczby udzielonych odpowiedzi
Twoja historia wyników
Nie rozwiązałeś tego quizu